[Event "POL-chT 1st League"]
[Site "Leba"]
[Date "2023.09.26"]
[Round "4.3"]
[White "Chylewski, Patryk"]
[Black "Nurkiewicz, Maciej"]
[Result "1/2-1/2"]
[WhiteElo "2284"]
[BlackElo "2336"]
[PlyCount "23"]
[EventDate "2023.09.23"]
[EventType "team-swiss"]
[EventRounds "9"]
[EventCountry "POL"]
[SourceTitle "EXT 2024"]
[Source "ChessBase"]
[SourceDate "2023.10.10"]
[SourceVersion "1"]
[SourceVersionDate "2023.10.10"]
[SourceQuality "1"]
[WhiteTeam "Chylice Laura"]
[BlackTeam "Wrzos Miedzyborow"]
[WhiteTeamCountry "POL"]
[BlackTeamCountry "POL"]

1. e4 e5 2. Nf3 Nc6 3. Bc4 Bc5 4. c3 Nf6 5. d3 d6 6. 0-0 Bb6 7. a4 a6 8. h3 h6 9. Na3 0-0 10. Bb3 Be6 11. Bxe6 fxe6 12. Nc4 1/2-1/2

[Event "POL-chT 1st League"]
[Site "Leba"]
[Date "2023.09.25"]
[Round "3.6"]
[White "Chylewski, Patryk"]
[Black "Seemann, Jakub"]
[Result "1/2-1/2"]
[WhiteElo "2284"]
[BlackElo "2422"]
[PlyCount "112"]
[EventDate "2023.09.23"]
[EventType "team-swiss"]
[EventRounds "9"]
[EventCountry "POL"]
[SourceTitle "EXT 2024"]
[Source "ChessBase"]
[SourceDate "2023.10.10"]
[SourceVersion "1"]
[SourceVersionDate "2023.10.10"]
[SourceQuality "1"]
[WhiteTeam "Chylice Laura"]
[BlackTeam "Rybnik"]
[WhiteTeamCountry "POL"]
[BlackTeamCountry "POL"]

1. d4 Nf6 2. c4 g6 3. Nc3 Bg7 4. e4 d6 5. Nf3 0-0 6. Be2 e5 7. 0-0 Na6 8. dxe5 dxe5 9. Be3 Qxd1 10. Raxd1 Re8 11. c5 c6 12. Bxa6 bxa6 13. Rd6 Rb8 14. Rxc6 Rxb2 15. Nd5 Be6 16. Nxf6+ Bxf6 17. Rxa6 Re7 18. Rc1 Rxa2 19. Rxa2 Bxa2 20. c6 Rc7 21. Bd2 Be6 22. Ba5 Rc8 23. Bb4 Bg7 24. c7 f6 25. Be7 Kf7 26. Bb4 Bf8 27. Ba5 Bd6 28. Ne1 f5 29. f3 Bd7 30. Nd3 Bb5 31. Nb4 Ke6 32. Nc6 Bxc7 33. Bxc7 Bxc6 34. Rxc6+ Kd7 35. Rc5 Rxc7 36. Rxe5 fxe4 37. fxe4 Kc6 38. Kf2 Kb6 39. Ke3 a5 40. Re8 a4 41. Re6+ Kb5 42. Re5+ Kb4 43. Re8 Rc5 44. Kd4 a3 45. Ra8 Rc2 46. Rb8+ Ka4 47. Ra8+ Kb3 48. Rb8+ Ka2 49. e5 Rb2 50. Ra8 Rxg2 51. e6 Re2 52. Kd5 Kb2 53. Rb8+ Kc1 54. Rc8+ Kb1 55. Rb8+ Kc2 56. Rc8+ Kb2 1/2-1/2

[Event "Warsaw Szansa rapid op"]
[Site "Warsaw"]
[Date "2023.09.17"]
[Round "7"]
[White "Lewicki, Miroslaw"]
[Black "Chylewski, Patryk"]
[Result "1-0"]
[WhiteElo "2339"]
[BlackElo "2284"]
[PlyCount "59"]
[EventDate "2023.09.17"]
[EventType "swiss (rapid)"]
[EventRounds "9"]
[EventCountry "POL"]
[SourceTitle "EXT 2024"]
[Source "ChessBase"]
[SourceDate "2023.10.10"]
[SourceVersion "1"]
[SourceVersionDate "2023.10.10"]
[SourceQuality "1"]

1. e4 c5 2. Nf3 e6 3. c4 a6 4. Nc3 d6 5. d4 cxd4 6. Nxd4 Nf6 7. Be2 Be7 8. 0-0 0-0 9. Be3 Qc7 10. Rc1 b6 11. f4 Bb7 12. Bf3 Nbd7 13. Qe2 Rac8 14. b3 Qb8 15. Rfd1 Bd8 16. g4 Qa8 17. Qg2 Nc5 18. b4 Ncd7 19. g5 Ne8 20. Nce2 b5 21. c5 dxc5 22. Nxe6 fxe6 23. Rxd7 cxb4 24. Qh3 Kh8 25. Rcd1 Bc6 26. Bd4 e5 27. g6 h6 28. Bxe5 Bf6 29. Rf7 Kg8 30. Qe6 1-0

[Event "Warsaw Szansa rapid op"]
[Site "Warsaw"]
[Date "2023.09.17"]
[Round "9"]
[White "Mis, Mieszko"]
[Black "Chylewski, Patryk"]
[Result "1/2-1/2"]
[WhiteElo "2287"]
[BlackElo "2284"]
[PlyCount "166"]
[EventDate "2023.09.17"]
[EventType "swiss (rapid)"]
[EventRounds "9"]
[EventCountry "POL"]
[SourceTitle "EXT 2024"]
[Source "ChessBase"]
[SourceDate "2023.10.10"]
[SourceVersion "1"]
[SourceVersionDate "2023.10.10"]
[SourceQuality "1"]

1. Nf3 d5 2. c4 e6 3. g3 Nf6 4. Bg2 d4 5. 0-0 c5 6. e3 Nc6 7. exd4 cxd4 8. d3 h6 9. Na3 Bc5 10. Nc2 a5 11. a3 0-0 12. Bd2 a4 13. Bb4 Qb6 14. Qd2 Rd8 15. Rfe1 Na5 16. Bxc5 Qxc5 17. Re5 Qc7 18. Rae1 Nc6 19. R5e2 Qb6 20. Nb4 Bd7 21. Ne5 Nxe5 22. Rxe5 Bc6 23. Qf4 Nd7 24. R5e2 Nc5 25. g4 Bxg2 26. Kxg2 Na6 27. Nxa6 Rxa6 28. h4 Ra5 29. Qd2 Qc6+ 30. f3 Ra6 31. Re5 Rb6 32. R1e2 Rb3 33. g5 hxg5 34. hxg5 g6 35. R5e4 Qc5 36. Qf4 Qf5 37. Qd2 Kg7 38. Re5 Rxd3 39. Rxf5 Rxd2 40. Rxf7+ Kxf7 41. Rxd2 e5 42. Kg3 Ke6 43. Kg4 Rf8 44. Rh2 d3 45. Rd2 Rd8 46. Kg3 Kf5 47. Kf2 Kf4 48. c5 Rd5 49. Rd1 Rxc5 50. Rxd3 Rc2+ 51. Kf1 Rxb2 52. Rc3 Kxg5 53. Rc5 Kf4 54. Ke1 b5 55. Kd1 Rb3 56. Kc2 Rxa3 57. Rxb5 Rxf3 58. Rb4+ e4 59. Rxa4 g5 60. Kd2 Rf2+ 61. Ke1 Rb2 62. Ra3 g4 63. Kf1 Rc2 64. Rb3 Rd2 65. Ra3 Rd3 66. Ra8 Ke3 67. Rg8 Ra3 68. Kg2 Ke2 69. Rxg4 e3 70. Rb4 Ra2 71. Kg3 Rc2 72. Rb6 Kd1 73. Kf3 e2 74. Rb1+ Kd2 75. Kf2 Ra2 76. Re1 Kd3 77. Rb1 Rc2 78. Ke1 Rc3 79. Ra1 Rb3 80. Rc1 Ra3 81. Rb1 Rc3 82. Ra1 Ke3 83. Ra3 Rxa3 1/2-1/2

[Event "Warsaw Szansa blitz op"]
[Site "Warsaw"]
[Date "2023.09.16"]
[Round "4"]
[White "Chylewski, Patryk"]
[Black "Klim, Filip"]
[Result "1-0"]
[WhiteElo "2284"]
[BlackElo "1990"]
[PlyCount "45"]
[EventDate "2023.09.16"]
[EventType "swiss (blitz)"]
[EventRounds "13"]
[EventCountry "POL"]
[SourceTitle "EXT 2024"]
[Source "ChessBase"]
[SourceDate "2023.10.10"]
[SourceVersion "1"]
[SourceVersionDate "2023.10.10"]
[SourceQuality "1"]

1. d4 d5 2. c4 e6 3. Nc3 a6 4. cxd5 exd5 5. Nf3 c6 6. Bf4 Nf6 7. e3 Bd6 8. Bxd6 Qxd6 9. Qc2 0-0 10. Bd3 Re8 11. 0-0 Bg4 12. Ne5 Bh5 13. f4 c5 14. Rae1 c4 15. Bf5 Bg6 16. Rf3 Nc6 17. Rh3 Nb4 18. Qb1 Nd3 19. Bxg6 hxg6 20. Rh8+ Kxh8 21. Nxf7+ Kg8 22. Nxd6 Nxe1 23. Nxe8 1-0

[Event "Warsaw Szansa blitz op"]
[Site "Warsaw"]
[Date "2023.09.16"]
[Round "13"]
[White "Chylewski, Patryk"]
[Black "Lewandowski, Rafal"]
[Result "1-0"]
[WhiteElo "2284"]
[BlackElo "2148"]
[PlyCount "73"]
[EventDate "2023.09.16"]
[EventType "swiss (blitz)"]
[EventRounds "13"]
[EventCountry "POL"]
[SourceTitle "EXT 2024"]
[Source "ChessBase"]
[SourceDate "2023.10.10"]
[SourceVersion "1"]
[SourceVersionDate "2023.10.10"]
[SourceQuality "1"]

1. e4 c5 2. Nf3 e6 3. g3 a6 4. Bg2 b5 5. 0-0 Bb7 6. Re1 d6 7. c3 Nf6 8. d3 Be7 9. Nbd2 Nbd7 10. d4 0-0 11. a4 d5 12. e5 Ne8 13. Nf1 b4 14. cxb4 cxb4 15. b3 a5 16. Ne3 f5 17. exf6 Bxf6 18. Ng4 Nc7 19. Bf4 Re8 20. Rc1 Rc8 21. h4 Na8 22. Rxc8 Bxc8 23. Ng5 Nf8 24. Qd3 e5 25. Nxe5 Nc7 26. Rc1 Nce6 27. Nxe6 Bxe6 28. Qb5 Ng6 29. Nxg6 hxg6 30. Be3 Bf7 31. Rc5 Be7 32. Rc6 Bf6 33. Ra6 Qc8 34. Rc6 Qd7 35. Rc5 Qg4 36. Bxd5 Bxd5 37. Qxe8+ 1-0

[Event "Titled Tuesday intern op 12th Sep Early"]
[Site "Chess.com INT"]
[Date "2023.09.12"]
[Round "1"]
[White "Chylewski, Patryk"]
[Black "Garrido, Denis"]
[Result "0-1"]
[WhiteElo "2284"]
[BlackElo "2205"]
[PlyCount "80"]
[EventDate "2023.09.12"]
[EventType "swiss (blitz)"]
[EventRounds "11"]
[EventCountry "USA"]
[SourceTitle "EXT 2024"]
[Source "ChessBase"]
[SourceDate "2023.10.10"]
[SourceVersion "1"]
[SourceVersionDate "2023.10.10"]
[SourceQuality "1"]

1. e4 e5 2. Nf3 Nc6 3. Bb5 a6 4. Ba4 Nf6 5. 0-0 b5 6. Bb3 Bc5 7. d3 d6 8. c3 h6 9. Nbd2 Ne7 10. d4 Bb6 11. dxe5 dxe5 12. Nxe5 0-0 13. Qe2 Bb7 14. Bc2 Qd6 15. Ng4 Nxg4 16. Qxg4 Rfe8 17. Nf3 Ng6 18. Re1 Qf6 19. Be3 Bxe3 20. Rxe3 Rad8 21. Rae1 Ne5 22. Nxe5 Qxe5 23. f4 Qc5 24. Kh1 f5 25. Qe2 fxe4 26. Bxe4 Bxe4 27. Rxe4 Rxe4 28. Qxe4 Qf2 29. Rg1 Qxb2 30. Qe7 Rf8 31. Qxc7 Qxa2 32. h3 Qc4 33. Qd6 Qxc3 34. Qxa6 b4 35. Qe6+ Kh8 36. f5 b3 37. Kh2 b2 38. Qb6 Rxf5 39. Rb1 Qe5+ 40. Kh1 Rf6 0-1

[Event "Titled Tuesday intern op 12th Sep Early"]
[Site "Chess.com INT"]
[Date "2023.09.12"]
[Round "9"]
[White "Chylewski, Patryk"]
[Black "Weetik, Vjacheslav"]
[Result "1-0"]
[WhiteElo "2284"]
[BlackElo "2423"]
[PlyCount "57"]
[EventDate "2023.09.12"]
[EventType "swiss (blitz)"]
[EventRounds "11"]
[EventCountry "USA"]
[SourceTitle "EXT 2024"]
[Source "ChessBase"]
[SourceDate "2023.10.10"]
[SourceVersion "1"]
[SourceVersionDate "2023.10.10"]
[SourceQuality "1"]

1. c4 e5 2. Nc3 Bb4 3. Nd5 a5 4. g3 c6 5. Nxb4 axb4 6. Bg2 f5 7. d4 e4 8. d5 Nf6 9. dxc6 bxc6 10. Nh3 d5 11. cxd5 cxd5 12. Be3 Nc6 13. Bd4 Ba6 14. Nf4 Nxd4 15. Qxd4 Kf7 16. h4 Re8 17. 0-0 Kg8 18. Rfd1 b3 19. axb3 Bb7 20. e3 Qd6 21. Bh3 Rxa1 22. Rxa1 Bc8 23. Bf1 Be6 24. Ra6 Qd7 25. Qb6 Bf7 26. Bb5 Qc8 27. Bxe8 Bxe8 28. Qe6+ Qxe6 29. Rxe6 1-0

[Event "Titled Tuesday intern op 12th Sep Early"]
[Site "Chess.com INT"]
[Date "2023.09.12"]
[Round "11"]
[White "Chylewski, Patryk"]
[Black "Yuan, Qingyu"]
[Result "0-1"]
[WhiteElo "2284"]
[BlackElo "2380"]
[PlyCount "86"]
[EventDate "2023.09.12"]
[EventType "swiss (blitz)"]
[EventRounds "11"]
[EventCountry "USA"]
[SourceTitle "EXT 2024"]
[Source "ChessBase"]
[SourceDate "2023.10.10"]
[SourceVersion "1"]
[SourceVersionDate "2023.10.10"]
[SourceQuality "1"]

1. c4 e5 2. Nc3 Nf6 3. Nf3 Nc6 4. e3 Bb4 5. Qc2 Bxc3 6. Qxc3 Qe7 7. d3 0-0 8. Be2 e4 9. Nd4 Ne5 10. dxe4 Nxe4 11. Qc2 Nf6 12. 0-0 d6 13. Nf5 Bxf5 14. Qxf5 Qe6 15. Qxe6 fxe6 16. f4 Ned7 17. Bf3 c6 18. b3 d5 19. Ba3 Rfe8 20. Rad1 Nb6 21. cxd5 exd5 22. Bc5 Ne4 23. Bxe4 Rxe4 24. Kf2 Nd7 25. Bd4 Rae8 26. Rfe1 a6 27. Bb2 R4e7 28. Bd4 Kf7 29. g4 Re4 30. h3 g6 31. Rc1 Nf8 32. Bc3 Ne6 33. Rcd1 Nc5 34. Bd4 Ne6 35. Be5 a5 36. Bc3 a4 37. Rb1 axb3 38. axb3 Nc5 39. Kf3 Nd3 40. Re2 Nxf4 41. Rc2 Rxe3+ 42. Kxf4 h6 43. Be5 R8xe5 0-1

[Event "Titled Tuesday intern op 12th Sep Early"]
[Site "Chess.com INT"]
[Date "2023.09.12"]
[Round "5"]
[White "Topalov, Aleksandar"]
[Black "Chylewski, Patryk"]
[Result "1/2-1/2"]
[WhiteElo "2233"]
[BlackElo "2284"]
[PlyCount "106"]
[EventDate "2023.09.12"]
[EventType "swiss (blitz)"]
[EventRounds "11"]
[EventCountry "USA"]
[SourceTitle "EXT 2024"]
[Source "ChessBase"]
[SourceDate "2023.10.10"]
[SourceVersion "1"]
[SourceVersionDate "2023.10.10"]
[SourceQuality "1"]

1. b3 d5 2. Bb2 Bg4 3. g3 c6 4. Bg2 Nd7 5. Nf3 Ngf6 6. 0-0 Qc7 7. d4 e6 8. Nbd2 Bd6 9. c4 0-0 10. Rc1 a5 11. a3 Qd8 12. h3 Bh5 13. Qe1 Qe7 14. c5 Bc7 15. e4 dxe4 16. Nxe4 Nxe4 17. Qxe4 Nf6 18. Qe2 Nd5 19. Rfe1 Rad8 20. Qd2 Rfe8 21. Ne5 Bg6 22. Nc4 Ra8 23. Ne3 Nf6 24. Qc3 Red8 25. Nc4 Nd5 26. Qd2 Qd7 27. Ne5 Bxe5 28. dxe5 Nc7 29. Qc3 Nb5 30. Qf3 Qd2 31. Bc3 Nxc3 32. Qxc3 Rd3 33. Qxd2 Rxd2 34. Rc3 a4 35. b4 Rad8 36. b5 Rc8 37. bxc6 bxc6 38. Rec1 Ra2 39. Re3 Bc2 40. Re2 Bb3 41. Rxa2 Bxa2 42. Rc2 Bb3 43. Rd2 Kf8 44. Rd6 Bd5 45. Rd7 Rb8 46. Ra7 Rb1+ 47. Kh2 Rb5 48. Rxa4 Rxc5 49. Ra8+ Ke7 50. Ra7+ Ke8 51. Ra8+ Ke7 52. Ra7+ Ke8 53. Ra8+ Ke7 1/2-1/2

[Event "Ustron op-A"]
[Site "Ustron"]
[Date "2023.08.19"]
[Round "9"]
[White "Mulawa, Cyprian"]
[Black "Chylewski, Patryk"]
[Result "1/2-1/2"]
[WhiteElo "2186"]
[BlackElo "2286"]
[PlyCount "65"]
[EventDate "2023.08.11"]
[EventType "swiss"]
[EventRounds "9"]
[EventCountry "POL"]
[SourceTitle "CBM 215 Extra"]
[Source "ChessBase"]
[SourceDate "2023.09.30"]
[SourceVersion "1"]
[SourceVersionDate "2023.09.30"]
[SourceQuality "1"]

1. Nf3 d5 2. g3 c6 3. Bg2 Bg4 4. 0-0 Nd7 5. d3 Ngf6 6. Nbd2 e5 7. e4 Bd6 8. h3 Bh5 9. c3 0-0 10. Qc2 Re8 11. Re1 a5 12. a4 Nc5 13. b3 dxe4 14. dxe4 Bf8 15. Nc4 Qd3 16. Qxd3 Nxd3 17. Re3 Bxf3 18. Bxf3 Nxc1 19. Rxc1 b5 20. Nb2 Ba3 21. Rc2 Bxb2 22. Rxb2 bxa4 23. bxa4 Nd7 24. Bg4 Nc5 25. Rb6 Nxa4 26. Rxc6 Nb2 27. c4 Red8 28. Rb3 Nd3 29. c5 g6 30. Rc7 h5 31. Rbb7 Nxc5 32. Rxc5 hxg4 33. Rcc7 1/2-1/2